Universální kalkulátor /

Saved in:
Bibliographic Details
Main Author: Cepek, Václav
Format: Book
Language:Czech
Published: Praha : Orbis, 1954
Edition:4. přeprac. a rozšíř. vyd.
Series:Ekonomická edice
Online Access: Get full text
Tags: Add Tag
No Tags, Be the first to tag this record!

MARC

LEADER 00000nam a2200000 4500
003 SK-BrCVT
005 20220617214347.0
008 041003s1954 cs e ||||||cze d
035 |a CVTIDW0974050 
040 |b slo  |a CVTI SR 
041 0 |a cze 
044 |a cs 
080 |a 51  |2 UDC-MRF 
100 1 |a Cepek, Václav 
245 1 0 |a Universální kalkulátor /  |c Autoři: Václav Cepek a kol. 
250 |a 4. přeprac. a rozšíř. vyd. 
260 |a Praha :  |b Orbis,  |c 1954 
300 |a 215 s. 
490 0 |a Ekonomická edice 
760 1 |t Ekonomická edice 
910 |b A031569  |b A031774 odpis  |b A031773 odpis 
974 |f Knihy 
992 |a APP 
999 |c 139123  |d 139123